[Event "St Petersburg zt"]
[Site "St Petersburg"]
[Date "1993.??.??"]
[Round "3"]
[White "Kharlov, Andrei"]
[Black "Sokolov, Andrei"]
[Result "1/2-1/2"]
[WhiteElo "2580"]
[BlackElo "2555"]
[Annotator "Hansen,LB"]
[PlyCount "65"]
[EventDate "1993.01.??"]
[EventType "swiss"]
[EventRounds "9"]
[EventCountry "RUS"]
[SourceTitle "CBM 034"]
[Source "ChessBase"]
[SourceDate "1993.06.01"]
[SourceVersion "1"]
[SourceVersionDate "1993.06.01"]
[SourceQuality "1"]

1. d4 Nf6 2. c4 e6 3. g3 d5 4. Bg2 dxc4 5. Nf3 c5 6. O-O Nc6 {Sokolov's pet
variation in the Catalan.Here he introduces a novelty on move 26(!),which
draws almost by force.} 7. Ne5 Bd7 8. Na3 cxd4 9. Naxc4 Bc5 10. Qb3 (10. Bg5 $5
$146 O-O 11. Rc1 Rc8 12. Qb3 b6 13. Rfd1 h6 14. Bxf6 gxf6 15. Nxd7 Qxd7 16. Qf3
$36 {Tukmakov-van der Sterren,Wijk aan Zee op 1993}) 10... Qc8 11. Bf4 O-O 12.
Nxd7 Qxd7 13. Rac1 Nd5 14. Ne5 Nxe5 15. Bxe5 Bb6 16. Rfd1 Rac8 17. Rxc8 Rxc8
18. Bxd5 Qxd5 19. Qxd5 exd5 20. Bxd4 Bxd4 21. Rxd4 Rd8 22. e4 Kf8 23. exd5 Ke7
24. Kg2 Kd6 25. Kf3 Rc8 26. Rd2 Re8 $1 $146 (26... Rc5 $6 27. Ke4 Rc4+ 28. Kf5
$1 Rc1 29. h4 Ra1 30. a3 Re1 31. f4 Re3 32. g4 Rh3 33. h5 $16 {Tukmakov-A.
Sokolov,Biel op 1992}) 27. Kf4 Re5 28. h4 h5 29. f3 f6 $1 30. g4 g5+ 31. Kg3
hxg4 32. Kxg4 gxh4 33. Kxh4 1/2-1/2

[Event "Dortmund"]
[Site "Dortmund"]
[Date "1994.??.??"]
[Round "1"]
[White "Piket, Jeroen"]
[Black "Kortschnoj, Viktor Lvovich"]
[Result "1-0"]
[WhiteElo "2660"]
[BlackElo "2615"]
[Annotator "Hansen,LB"]
[PlyCount "69"]
[EventDate "1994.07.??"]
[EventType "tourn"]
[EventRounds "9"]
[EventCountry "GER"]
[EventCategory "16"]
[SourceTitle "CBM 042"]
[Source "ChessBase"]
[SourceDate "1994.10.01"]
[SourceVersion "1"]
[SourceVersionDate "1994.10.01"]
[SourceQuality "1"]

1. d4 {Ftacnik, Piket, Kortschnoj} Nf6 2. c4 e6 3. g3 d5 4. Bg2 dxc4 5. Nf3
Nbd7 $5 6. O-O (6. Nbd2) 6... Nb6 (6... Rb8 7. a4 b6 8. Nfd2 $1 e5 9. Nxc4 exd4
10. Qxd4 Bc5 11. Qd3 O-O 12. Nc3 Bb7 13. Bxb7 Rxb7 14. Qf3 Qa8 15. Bf4 a6 16.
e4 Ra7 17. Nd5 b5 18. Na5 $16 {Kasparov,G-Kortschnoj,V (9)/London m/1983/}) 7.
Nbd2 c5 8. Nxc4 Nxc4 9. Qa4+ Bd7 10. Qxc4 Rc8 (10... b5 11. Qc2 Rc8 12. dxc5
Bxc5 13. Qb3 O-O 14. Ne5 Qb6 15. Bg5 Rfd8 16. Qf3 Be7 17. Nxd7 Rxd7 18. Rac1
Rcd8 19. Qc6 (19. e4 $14 {Kasparov}) 19... Qa5 20. a3 b4 21. Bf4 Nd5 {1/2-1/2,
Kasparov,G-Kortschnoj,V (5)/London m/1983/}) (10... b5 {Ftacnik Kasparov,
G-Kortschnoj,V/London/1983/}) 11. Ne5 b5 {N} (11... cxd4 12. Qxd4 Bc5 13. Qd3
Qb6 14. Nxd7 Nxd7 15. Qe4 $16 {Vukic,M-Cvetkovic,S/Yugoslavia/1972/}) 12. Qd3
Bd6 (12... c4 13. Qc2 $14 (13. Qf3 $5 {Piket}) (13. Qc2 {Ftacnik} Bd6 14. e4
$14) (13. Qf3 $5 Be7 14. Bf4 O-O 15. Qb7 Rc7 $2 16. Nxf7 $1 $18)) 13. Bg5 $1 c4
14. Qe3 $1 {X Ke8} (14. Qc2 $14) (14. Qf3 {Ftacnik} h6 15. Bxf6 Qxf6) (14. Qd2
$5 {Ftacnik} Be7 $140 15. a4) 14... h6 (14... O-O 15. Nxd7 Qxd7 16. Bxf6 gxf6
17. g4 $1 $16) (14... Be7 15. d5 $1 {Kortschnoj} Nxd5 (15... exd5 16. Qxa7 Be6
(16... Bc5 17. Bxf6 $16) 17. Qb7 $1 $16) 16. Bxe7 Qxe7 (16... Nxe3 17. Bxd8
Nxf1 18. Ba5 $1 $16 {Piket}) 17. Qxa7 $16 {Piket}) 15. Bxf6 gxf6 16. Nxd7 Qxd7
17. Rad1 h5 18. h4 Ke7 (18... Qc7 $5 {Ftacnik} 19. d5 Bc5 $14) 19. d5 $1 e5 $8
20. Kh2 $1 $16 {X Ke7} Bc5 (20... f5 $2 {Ftacnik} 21. Qg5+ Kf8 22. Bh3) 21. Qe4
Qd6 22. e3 Kf8 23. a4 $1 bxa4 (23... a6 24. axb5 axb5 25. Ra1 $16) 24. Qxc4 Rb8
25. Rc1 $1 Bb4 26. Qe4 Kg7 27. Rc6 $18 Qd8 28. Qf5 Bd6 29. Rfc1 Qe7 (29... Rxb2
30. Rc8 Qe7 31. Rxh8 Kxh8 32. Be4 $18 {Piket}) 30. Be4 Rxb2 31. g4 $1 $40 (31.
Rc8 {Ftacnik} Rb8 32. Rxb8 Bxb8 33. Rc8 Rxc8 34. Qh7+ Kf8 35. Qh8#) 31... Rb7
32. gxh5 Rd7 (32... Qd7 33. Rg1+ Kf8 34. Qxf6 $18) 33. Qg4+ $1 (33. Rg1+ Kf8)
33... Kh6 (33... Kf8 34. Rc8+ Rd8 35. Rxd8+ Qxd8 36. Rc8 $18 {Piket}) 34. Rg1
Qf8 35. Qxd7 1-0

[Event "NED-ch51"]
[Site "Amsterdam"]
[Date "1996.06.10"]
[Round "4"]
[White "Timman, Jan H"]
[Black "Kuijf, Marinus"]
[Result "1-0"]
[WhiteElo "2620"]
[BlackElo "2470"]
[Annotator "Hecht,H"]
[PlyCount "119"]
[EventDate "1996.06.07"]
[EventType "tourn"]
[EventRounds "11"]
[EventCountry "NED"]
[EventCategory "11"]
[SourceTitle "CBM 054"]
[Source "ChessBase"]
[SourceDate "1996.10.01"]
[SourceVersion "1"]
[SourceVersionDate "1996.10.01"]
[SourceQuality "1"]

1. d4 d5 2. c4 c6 3. Nf3 e6 4. g3 dxc4 5. Bg2 Nd7 6. a4 Ngf6 7. O-O a5 8. Qc2
Nb6 9. Nbd2 Be7 10. Nxc4 Nxc4 11. Qxc4 Qb6 12. Ne5 O-O 13. e4 Qb4 14. Be3 Nd7
15. Qxb4 Bxb4 16. Nd3 Be7 17. Rfd1 Rd8 18. Rac1 Nf6 19. h3 h6 20. g4 g5 21. f4
gxf4 22. Nxf4 Bd7 23. b3 Be8 24. Ne2 h5 25. g5 Nh7 26. h4 f6 27. Nf4 Nf8 28.
Bh3 fxg5 29. Nxe6 Nxe6 30. Bxe6+ Bf7 31. Bxf7+ Kxf7 32. hxg5 Kg6 33. Kf2 h4 34.
Rh1 Rh8 35. Rcg1 Raf8+ 36. Ke2 Rh5 37. Rh3 Rfh8 38. Rg4 Bxg5 39. Kd3 Rf8 40.
Bxg5 Rxg5 41. Rgxh4 Rg1 42. Rh6+ Kg5 43. R6h5+ Kg4 44. R3h4+ Kf3 45. Rh1 Rg3
46. R1h3 Rxh3 47. Rxh3+ {[#] Abwicklung in T+d+e - T, wobei der wT die wBauern
verteidigt und voranbringt Kontrolliert der sT die Bauern, so wird der wK frei
==> klarer Gewinn} Kg4 48. Rh7 Rf3+ (48... b5 49. axb5 cxb5 50. Rg7+ Kf4 (50...
Kh5 51. d5 Rf3+ 52. Kd4 Rxb3 53. d6 a4 54. e5 a3 55. Ra7 b4 56. d7 Rb1 57. e6
$18) 51. Rb7 Rh8 52. Rxb5 Rh3+ 53. Kc4 Kxe4 54. Re5+ Kf4 55. Rxa5 $18) 49. Kc4
b5+ 50. axb5 cxb5+ 51. Kxb5 Rxb3+ 52. Kxa5 Kf4 53. e5 Ke4 54. Rd7 Kf5 55. Rd6
Rb1 56. Rb6 Rd1 57. Rf6+ Ke4 58. Rd6 Rb1 59. e6 Kd3 60. e7 (60. e7 Re1 61. Rd7
Kc4 62. Kb6 $18) 1-0

[Event "Poikovsky Karpov 10th"]
[Site "Poikovsky"]
[Date "2009.06.06"]
[Round "4"]
[White "Inarkiev, Ernesto"]
[Black "Naiditsch, Arkadij"]
[Result "1-0"]
[WhiteElo "2676"]
[BlackElo "2700"]
[Annotator "Inarkiev,E"]
[PlyCount "77"]
[EventDate "2009.06.03"]
[EventType "tourn"]
[EventRounds "9"]
[EventCountry "RUS"]
[EventCategory "18"]
[SourceTitle "CBM 131"]
[Source "ChessBase"]
[SourceDate "2009.07.15"]
[SourceVersion "1"]
[SourceVersionDate "2009.07.15"]
[SourceQuality "1"]

{This is the game from the 4th round. Arkadij had had a good start - 2.5 out
of 3, I had 2 out of 3, and the White pieces.} 1. d4 Nf6 2. c4 e6 3. Nf3 d5 4.
g3 dxc4 5. Bg2 a6 6. O-O b5 {Naiditsch repeats the line, which brought him
success in the second round.} 7. Ne5 Nd5 8. a4 {Main line.} ({In that game,
White choose} 8. e4 {Shirov Alexei 2745 - Naiditsch Arkadij 2700 , Poikovsky 4.
6.2009 It (cat.18). what led to a complicated game.}) 8... Bb7 9. b3 c3 10. e4
Nf6 ({Another interesting option is} 10... b4) 11. Nxc3 $1 $146 {A very
natural novelty. White saves the rooks, showing that White's rook has a more
easy way to get into play than Black's.} ({Previously played} 11. axb5 axb5 12.
Rxa8 Bxa8 13. Nxc3 b4 $13 {Hera Imre Jr 2524 - Pavasovic Dusko 2595 , Nova
Gorica 27. 1.2008 It (open)}) 11... b4 12. Na2 Nbd7 {Black should attack
White's centre, because if White can coordinate the pieces, the position will
be clearly better for White.} ({Black can't take the pawn.} 12... Nxe4 $2 13.
Re1 $18 f5 14. Qh5+) ({Or} 12... Bxe4 $2 13. Bxe4 Nxe4 14. Qf3 f5 15. Qh5+ $18)
13. Bf4 $1 {Every tempo is important. The problem of White's position is the
knight on a2: at some moment, it must be transfered to the centre and then
Black will have time to prepare c5; if not, White will be better. Other moves
are possible, but this is very energetic.} Nxe5 ({Still, it's not good to take
the pawn} 13... Nxe4 $2 14. Qc2 f5 15. Nc6 Qf6 16. Rae1 $18 {The development
advantage must be decisive here.}) ({Or} 13... Bxe4 $6 14. Bxe4 Nxe4 15. Nc6
Qf6 16. Rc1 $5 $16 {Soon, White will take back the pawn, and win one more.})
14. Bxe5 ({Of course not} 14. dxe5 $2 Qxd1 15. Rfxd1 Nd7 $13 {Without the
queens the position of Black's king in the centre is not so dramatic.}) 14...
Nxe4 $2 {Objectively this is mistake, but on this move Naiditsch spend a lot
of time. Black wants to change the picture of the game.} ({The normal move} 
14... Nd7 {lead to the boring fight for equality. But it's right.} 15. Bf4 Be7
16. Rc1 c5 {Here White has a pleasant choice} 17. d5 $5 ({The alternative is
more aggressive} 17. dxc5 Nxc5 18. Nxb4 {and with accurate play, White saves
the advantage.} O-O 19. Be3 Rc8 ({Or} 19... Qxd1 20. Rfxd1 Nxb3 21. Rc7 Bxb4
22. Rxb7 $16) 20. Qxd8 Rfxd8 21. e5 Bxg2 22. Kxg2 a5 23. Bxc5 Bxc5 24. Na6 $1
Ba3 25. Rc4 $16) 17... O-O 18. dxe6 fxe6 19. Qg4 Rf6 20. Rfd1 Qe8 21. Rc2 $14)
({And} 14... c5 {leads to the same position:} 15. Rc1 $1 Nd7 16. Bf4 Be7 {
- 14...Nd7 15.Bf4 Be7 16.Rc1 c5.} ({Worse is} 16... cxd4 $2 17. Qxd4 $16)) 15.
Rc1 $1 {A strong intermediate move, White wants to give Black as few
possibilities as possible.} ({The direct} 15. Qe1 f5 ({Just bad is} 15... Qd5
$2 16. Nxb4 Bxb4 17. Qxb4 $18) 16. Nxb4 {is less effective, because of} Qd7 {
(xg7,/\Bd6).} ({Thek very natural try} 16... Bd6 {doesn't work:} 17. Bxg7 Rg8
18. Be5 {and if now} a5 {then} 19. Qe2 $1 $18) ({The aggressive} 16... c5 17.
dxc5 Bxc5 18. Bxg7 Rg8 19. Be5 {is just bad, for example:} Rc8 20. Qe2 $1 Bxb4
21. Qh5+ Kd7 22. Rfd1+ Bd5 23. Rxd5+ exd5 24. Qxf5+ Ke8 25. Rd1 Ng5 26. Bxd5
$18) (16... a5 {Looks quite strange} 17. Nd3 Kf7 $16 {Obviously, White is
better, but Black has serious resources for resistance.}) 17. f3 Nf6 18. Rc1
Bd6 $14 {Rc1 is a useful move for White here, but Black must not hurry with
Rc8.}) 15... Rc8 ({Interesting is} 15... Bd5 $5 16. Bxc7 $1 ({Black is ready
to play the position after} 16. Re1 Nc3 17. Nxc3 bxc3 18. Bxc7 $1 Qd7 ({
Worse is} 18... Qxc7 $2 19. Bxd5 $16) 19. Bxd5 Qxd5 20. Rxc3 Be7 $16 {White
has an extra pawn, but the d4-pawn is weak, and this gives Black serious
chances.}) 16... Qd7 17. Ba5 $1 Nc3 $1 ({Just bad is} 17... Nf6 $2 18. Rc7 $1
Qd8 19. Qc2 Bxg2 20. Kxg2 Qd5+ 21. f3 $18) 18. Nxc3 bxc3 19. Rxc3 Be7 $16 {
and Black receives a position with some compensation for the pawn.}) 16. Qe1 {
Good enough. White follows the desire to take back the pawn, and what is more
important, to bring the knight back into the play.} ({But White has a crushing
combination} 16. Re1 $1 f5 ({Hopeless is} 16... Nc3 17. Nxc3 Bxg2 18. Kxg2 bxc3
19. d5 $1 {with winning attack} Ba3 20. Rxc3 f6 21. Bxf6 $1 gxf6 22. Rxe6+ Kf8
23. b4 $1 Bxb4 ({If} 23... Bb2 {then} 24. Rf3 {(/\ Qd2, Re1).} Kg7 25. d6 $18)
24. Rc4 a5 25. Qf3 Be7 26. Qf5 $18 {(/\Rce4).}) 17. Qh5+ g6 18. Bxe4 $1 {
This queen sacrifice completely destroys Black's position.} gxh5 ({If} 18...
Bxe4 {then} 19. Qh3 $18) 19. Bxb7 {Black's problem is that White is attacking
too many pieces.} Bh6 ({Or} 19... Rg8 20. Bxc8 Qxc8 21. Rxc7 Qa8 22. Rec1 Qe4
23. Rxh7 $18) 20. Bxc8 Qxc8 ({also bad is} 20... Bxc1 21. Bxe6 Bd2 22. Re2 $18)
21. Rxc7 Qd8 22. d5 $1 $18 {Very sadly I didn't play this, but made a very
practical decision.}) 16... f5 {Necessary.} 17. Nxb4 c5 {Black wants to
exchange the weak pawn, but it opens the position, and obviously, White is
better prepared for this, but it's not easy to give a good recomendation for
Black.} ({More solid, and passive} 17... Qd7 $5 {(/\?d6).} 18. Nd3 Bd6 19. Qe3
O-O 20. f3 Nf6 21. Nc5 Bxc5 22. Rxc5 $16 {Black has weaknesses, but White has
the 2 bishops. The position is difficult.}) 18. Nd3 {There's no reason, to
give Black the chance to develop the bishop with tempo.} cxd4 19. Rxc8 Qxc8 ({
Worse is} 19... Bxc8 $2 20. Bxe4 fxe4 21. Qxe4 $18) 20. Bxd4 $16 {The position
is open, but Black can only dream of castling.} Qd7 {(xg7; /\Bd6).} ({The pawn
is less important than development.} 20... Qc2 21. Qe3 Qxb3 22. Rc1 $16) 21.
Qa1 $1 {(xg7). Preventing the move of the bishop.} Bd6 {A necessary sacrifice,
it's impossible to play without the rook.} ({For example:} 21... Bd5 {freeing
the b7 square for the queen.} 22. Rc1 Rg8 23. Ne5 Qb7 24. Bxe4 $1 Bxe4 25. Qc3
Be7 26. Bb6 $18) 22. Bxg7 Rg8 23. Bh6 {Avoids any threats from Black.} ({
Also good, but more complicated is} 23. Be5 Nd2 24. Bxb7 Qxb7 25. Bxd6 Nf3+ 26.
Kh1 {Black can't use the diagonal immediately, but there's no need for this.}
Kf7 $16) 23... Bxg3 {Otherwise, Black is just a pawn down, in a worse position.
} 24. hxg3 Qxd3 25. Qe5 {Finally, Black has developed all his pieces, but it's
hard to coordinate them.} Qd5 ({More persistent is} 25... Qd6 $5 26. Qxd6 Nxd6
{but here, Black can't save the pawn.} 27. Rc1 $1 Bxg2 28. Kxg2 Kd7 29. Bf4 $1
{It's hard to protect d6, a6 and h7 altogether. For example:} Re8 30. Be5 Rc8
31. Rh1 $16) 26. Qc7 $1 {The exchange of the queens is in Black's favour, so
White should take something for it.} Qd7 27. Rc1 Qxc7 28. Rxc7 Bd5 29. b4 $18 {
The endgame is difficult to save, 2 bishops and a much more active rook must
decide.} Nf6 30. Bf1 $1 {An important detail. The black bishop is strong, and
normally, White would like just to win the a-pawn, and exchange it, avoiding
any complications on the kingside, but here, it's not easy to win the pawn
without bishops.} ({If} 30. Ra7 {then} Rg4 $1) 30... Rg6 31. Bf4 Ng4 32. Bxa6 {
The main fight is over, but Black starts a last attack. We both had about 5
minutes here, which made this attack more dangerous.} e5 33. Bb5+ Kf8 34. Bd2
f4 {Now ...Rh6 is a quite an unpleasant threat.} 35. Rxh7 {The simplest. But
other moves are also possible.} ({An unnecessary mistake would be} 35. Bc4 $6 {
after} Bf3 {there's nothing better than} 36. Bf1 {Obviously, a useless waste
of tempo.} ({Just terrible is:} 36. b5 $4 {after} Rh6 {White can't avoid the
mate.} 37. Bb4+ Ke8)) ({Strong is} 35. Bd3 $5 e4 36. Bc2 {for example:} e3 37.
fxe3 fxe3 38. Bc3 Rd6 39. Kf1 Bf3 40. Ke1 e2 41. Bg7+ $1 Ke8 42. Rc8+ Kf7 43.
Rf8+ Kxg7 44. Rxf3 $18) 35... Bf3 {Time trouble decision.} ({Black should take
back the pawn} 35... fxg3 36. fxg3 Nf6 {and here White has a good option to
exchange the rooks:} 37. Rh3 ({or just play this position} 37. Rc7 Rxg3+ 38.
Kf1 $18) 37... Be6 38. Rh8+ Kg7 39. Rh2 Rxg3+ 40. Rg2 Rxg2+ 41. Kxg2 $18 {
Both must be winning.}) 36. Kf1 $5 {Now White saves his 2 extra pawns, and
it's over.} Nf6 37. Rh3 Ne4 38. Be1 Rd6 $2 {The last mistake.} 39. gxf4 1-0